Les clubs français ayant déjà évolué en pro (Ligue 1/Ligue 2) - Statistiques

Statistiques générales
  • Ce quiz a été pris 110 fois
  • Le résultat moyen est 62 sur 88
Statistiques - réponses
Région Dernière année Club % Correct
Auvergne Rhône-Alpes 2024 Olympique Lyonnais
99%
Auvergne Rhône-Alpes 2024 AS Saint-Étienne
98%
Île-de-France 2024 Paris FC
96%
Île-de-France 2024 Paris Saint-Germain
96%
Nouvelle-Aquitaine 2024 FC Girondins de Bordeaux
95%
Hauts de France 2024 LOSC Lille
95%
PACA 2024 OGC Nice
95%
Bourgogne Franche-Comté 2024 AJ Auxerre
93%
Monaco 2024 AS Monaco
93%
Bretagne 2024 FC Lorient
93%
Pays de la Loire 2024 FC Nantes
93%
Hauts de France 2024 RC Lens
93%
Grand Est 2024 RC Strasbourg
93%
Bretagne 2024 Stade brestois
93%
Auvergne Rhône-Alpes 2024 Clermont Foot
92%
Occitanie 2024 Montpellier HSC
92%
Bretagne 2024 Stade rennais
92%
PACA 2024 Olympique de Marseille
91%
Grand Est 2024 FC Metz
90%
Corse 2019 GFC Ajaccio
90%
Corse 2024 SC Bastia
90%
Occitanie 2024 Toulouse FC
90%
Corse 2024 AC Ajaccio
89%
Corse 2014 CA Bastia
89%
Normandie 2024 Le Havre AC
89%
Normandie 2024 SM Caen
89%
Auvergne Rhône-Alpes 2024 Grenoble Foot
88%
Grand Est 2024 Stade de Reims
87%
Bourgogne Franche-Comté 2023 Dijon FCO
85%
Pays de la Loire 2024 Angers SCO
84%
Auvergne Rhône-Alpes 2024 FC Annecy
84%
Nouvelle-Aquitaine 2024 FC Pau
84%
Île-de-France 2024 Red Star
84%
Grand Est 2022 AS Nancy Lorraine
82%
Occitanie 2023 Nîmes Olympique
82%
Hauts de France 2024 Amiens SC
80%
Bretagne 2024 En Avant Guingamp
80%
Hauts de France 2024 USL Dunkerque
78%
Hauts de France 2024 Valenciennes AFC
77%
Grand Est 2013 CS Sedan Ardennes
75%
Normandie 2004 FC Rouen
75%
PACA 1998 SC Toulon
75%
Pays de la Loire 2024 Stade lavallois
75%
Bourgogne Franche-Comté 2023 FC Sochaux-Montbéliard
74%
Grand Est 2024 ESTAC Troyes
73%
Centre Val de Loire 2018 Tours FC
73%
Pays de la Loire 2020 Le Mans FC
71%
Occitanie 2024 Rodez AF
71%
Centre Val de Loire 2020 US Orléans
70%
Auvergne Rhône-Alpes 2016 Évian TG
69%
PACA 2001 AS Cannes
68%
Centre Val de Loire 2021 LB Châteauroux
68%
PACA 2015 AC Arles-Avignon
67%
Nouvelle-Aquitaine 2023 Chamois niortais FC
67%
Hauts de France 2012 US Boulogne
66%
PACA 2024 FC Martigues
64%
Bretagne 2024 US Concarneau
63%
Occitanie 2006 FC Sète
62%
Bretagne 2011 Vannes OC
62%
Grand Est 1998 FC Mulhouse
60%
Grand Est 1949 SR Colmar
59%
Normandie 2024 Quevilly Rouen Métropole
58%
Occitanie 1997 Perpignan FC
57%
PACA 2007 Istres FC
56%
Centre Val de Loire 1994 Bourges 18
54%
Île-de-France 2016 US Créteil-Lusitanos
54%
Auvergne Rhône-Alpes 2004 ASOA Valence
53%
Hauts de France 1963 CO Roubaix-Tourcoing
53%
Nouvelle-Aquitaine 1996 Stade poitevin FC
53%
Occitanie 2019 AS Béziers
52%
Bourgogne Franche-Comté 2008 FC Gueugnon
52%
Bourgogne Franche-Comté 1986 Racing Besançon
52%
Nouvelle-Aquitaine 1961 Limoges Football
51%
Île-de-France 1990 Racing Club de France
51%
Hauts de France 2003 AS Beauvais
48%
Bretagne 1997 Stade briochin
46%
Grand Est 1997 SAS Epinal
44%
PACA 1968 AS Aix
42%
Nouvelle-Aquitaine 1972 Angoulême Charente FC
40%
Hauts de France 2021 FC Chambly
38%
Nouvelle-Aquitaine 2008 FC Libourne Saint-Seurnin
37%
PACA 1976 Olympique avignonnais
36%
Auvergne Rhône-Alpes 2018 FBBP 01 (Bourg-en-Bresse)
33%
Occitanie 1996 Olympique d'Alès
30%
Grand Est 1996 FCO Charleville
29%
Bourgogne Franche-Comté 2000 CS Louhans-Cuiseaux
23%
Île-de-France 1967 Stade français
20%
Hauts de France 2003 Wasquehal Football
18%
Aucun quiz correspondant
Distribution des résultats
% des personnes avec chaque résultat
Percentile par nombre de réponses
Votre historique - résultats
Vous n’avez pas pris ce quiz